000 00544nam a22001817a 4500
005 20251108164951.0
008 250721s1956 xx 000 0 ara d
082 1 4 _a810.909621/علي
100 1 _aالمصراتي، علي مصطفى
245 1 0 _aلمحات أدبية من ليبيا /
264 1 _aطرابلس (الغرب) :
_bالبمطبعة الحكومية،
_c1956.
300 _a171ص
650 1 7 _aالأدب العربي
650 1 7 _aليبيا
650 1 7 _aالنقد الأدبي
942 _2ddc
_cBK
999 _c18615
_d18615